000 nam a22 7a 4500
999 _c9308
_d9308
008 180125b ||||| |||| 00| 0 eng d
100 _aNCERT
_95563
245 _aA Fact with the Sun English for VI
260 _aNew Delhi
_bNCERT
_c2007